| 000 | 02087cam a22003615a 4500 | ||
|---|---|---|---|
| 999 |
_c234361 _d234361 |
||
| 001 | 16953196 | ||
| 003 | Nust | ||
| 005 | 20170319181824.0 | ||
| 008 | 110909s1997 nyu 000 1 eng d | ||
| 010 | _a 2011487075 | ||
| 020 | _a9780749908959 (pbk.) | ||
| 035 | _a(OCoLC)ocm36397948 | ||
| 040 |
_aEOW _cEOW _dSVP _dOCL _dOCLCQ _dBAKER _dNZQQP _dBTCTA _dOCLCQ _dAU@ _dNXA _dFMF _dDLC |
||
| 042 | _alccopycat | ||
| 043 | _ae-uk-en | ||
| 050 | 0 | 0 | _aCPB Box no. 406 (Stored at Landover) |
| 082 | 0 | 4 |
_a813.54 _bQUI |
| 100 | 1 |
_aQuinn, Julia, _d1970-. |
|
| 245 | 1 | 0 |
_aEverything and the moon / _cJulia Quinn. |
| 260 |
_aNew York : _bAvon Books, _c1997. |
||
| 300 |
_a372 p. ; _c18 cm. |
||
| 490 | 1 | _aAvon romantic treasure | |
| 490 | 0 | _aAvon historical romance | |
| 520 | _aWhen Robert Kemble stumbles across Victoria Lyndon in a hedgerow maze, he can't believe his eyes. The girl who'd torn him in two, who let him plan an elopement and left him standing by the side of the road, was suddenly within arm's reach, and even though his fury still knew no bounds, she was impossible to resist. Victoria's father told her an earl would never marry a vicar's daughter, and he was right. Robert had promised her marriage, then danced off to London while she suffered the shame of a foiled elopement. But even though Victoria doesn't particularly enjoy her new life as a governess, when Robert offers her a job of a different sort--his mistress--she refuses, unable to sacrifice her honor, even for him. But Robert won't take no for an answer, and he vows to make her his through any means possible. Can these star-crossed lovers learn to trust again? | ||
| 651 | 0 |
_aEngland _xSocial life and customs _y19th century _vFiction. |
|
| 655 | 7 |
_aLove stories. _2gsafd |
|
| 655 | 7 |
_aHistorical fiction. _2gsafd |
|
| 710 | 2 |
_aCopyright Paperback Collection (Library of Congress) _5DLC |
|
| 830 | 0 | _aAvon romantic treasure. | |
| 906 |
_a0 _bibc _ccopycat _d2 _encip _f20 _gy-genrareb |
||
| 942 |
_2ddc _cBK |
||